Countries With the Biggest Economies - Statistics

General Stats
  • This quiz has been taken 57 times
  • The average score is 27 of 30
Answers on the Map
Answers color-coded by a green-red scale on the quiz's map according to % correct below.
 
Answer Stats
GDP in USD Country % Correct
$1,529,224 Canada
100%
$545,124 Argentine Republic
98%
$4,938,644 Japan
98%
$11,218,281 People's Republic of China
98%
$18,569,100 The United States of America
98%
$1,046,002 United Mexican States
98%
$1,258,978 Commonwealth of Australia
96%
$1,798,622 Federative Republic of Brazil
96%
$2,463,222 French Republic
96%
$2,256,397 Republic of India
96%
$2,629,188 United Kingdom of Great Britain and Northern Ireland
96%
$3,466,639 Federal Republic of Germany
94%
$1,850,735 Italian Republic
94%
$1,280,731 Russian Federation
94%
$466,960 Kingdom of Belgium
92%
$1,232,597 Kingdom of Spain
92%
$1,411,246 Republic of Korea
92%
$511,397 Kingdom of Sweden
90%
$932,448 Republic of Indonesia
90%
$639,617 Kingdom of Saudi Arabia
88%
$467,591 Republic of Poland
88%
$857,429 Republic of Turkey
88%
$771,163 Netherlands
86%
$659,850 Swiss Confederation
86%
$376,755 Islamic Republic of Iran
84%
$405,952 Federal Republic of Nigeria
82%
$528,550 Republic of China (Taiwan)
82%
$406,949 Kingdom of Thailand
80%
$371,353 United Arab Emirates
74%
$386,752 Republic of Austria
72%
No matching quizzes found
Score Distribution
Percent of People with Each Score
Percentile by Number Answered
Your Score History
You have not taken this quiz